[Event "11th LCC FIDE Open 2019"]
[Site "London"]
[Date "2019.12.05"]
[Round "8.4"]
[White "Song, Raymond"]
[Black "Vaishali R"]
[Result "1/2-1/2"]
[WhiteElo "2468"]
[BlackElo "2376"]
[Annotator "ChessBase"]
[PlyCount "170"]
[EventDate "2019.11.29"]
[EventType "swiss"]
[EventCountry "ENG"]
[SourceTitle "playchess.com"]
[Source "ChessBase"]
[SourceQuality "1"]
[TimeControl "40/5400+30:1800+30"]

1. e4 {[%emt 0:00:00]} e5 {[%emt 0:00:40]} 2. Nf3 {[%emt 0:00:00]} Nc6 {[%emt 0:00:03]} 3. Bc4 {[%emt 0:00:00]} Nf6 {[%emt 0:00:05]} 4. d3 {[%emt 0:00:00]} Bc5 {[%emt 0:00:14]} 5. O-O {[%emt 0:00:00]} d6 {[%emt 0:00:26]} 6. c3 {[%emt 0:00:04]} h6 {[%emt 0:00:43]} 7. Re1 {[%emt 0:00:42]} a6 {[%emt 0:00:27]} 8. a4 {[%emt 0:02:56]} Ba7 {[%emt 0:01:07]} 9. Na3 {[%emt 0:01:21]} O-O {[%emt 0:03:01]} 10. h3 {[%emt 0:00:30]} Be6 {[%emt 0:02:54]} 11. b4 {[%emt 0:01:09]} Ne7 {[%emt 0:06:50]} 12. Bxe6 {[%emt 0:02:39]} fxe6 {[%emt 0:00:04]} 13. Nc2 {[%emt 0:00:48]} Ng6 {[%emt 0:02:07]} 14. Be3 {[%emt 0:00:28]} Bxe3 {[%emt 0:01:36]} 15. Nxe3 {[%emt 0:00:04]} Rf7 {[%emt 0:07:45]} 16. g3 {[%emt 0:13:15]} d5 {[%emt 0:08:23]} 17. Nd2 {[%emt 0:07:34]} Qd7 {[%emt 0:05:48]} 18. Nb3 {[%emt 0:03:42]} dxe4 {[%emt 0:18:24]} 19. Nc5 {[%emt 0:00:11]} Qc6 {[%emt 0:00:19]} 20. Ng4 {[%emt 0:00:18]} exd3 {[%emt 0:13:03]} 21. Qxd3 {[%emt 0:04:49]} Nxg4 {[%emt 0:01:34]} 22. hxg4 {[%emt 0:00:02]} Nf8 {[%emt 0:00:37]} 23. g5 {[%emt 0:16:16]} hxg5 {[%emt 0:02:08]} 24. Rxe5 {[%emt 0:01:09]} b6 {[%emt 0:02:08]} 25. Ne4 {[%emt 0:01:37]} g4 {[%emt 0:01:52]} 26. Ng5 {[%emt 0:00:35]} Rd7 {[%emt 0:03:08]} 27. Qe4 {[%emt 0:01:13]} Qxc3 {[%emt 0:03:55]} 28. Re1 {[%emt 0:00:42]} Rad8 {[%emt 0:00:24]} 29. Qf4 {[%emt 0:11:17]} Ng6 {[%emt 0:01:21]} 30. Qxg4 {[%emt 0:00:06]} Qxe5 {[%emt 0:05:49]} 31. Rxe5 {[%emt 0:00:04]} Nxe5 {[%emt 0:00:05]} 32. Qxe6+ {[%emt 0:00:04]} Nf7 {[%emt 0:00:04]} 33. Nf3 {[%emt 0:00:20]} Rd6 {[%emt 0:03:02]} 34. Qc4 {[%emt 0:00:21]} Rf6 {[%emt 0:00:45]} 35. Kg2 {[%emt 0:00:49]} c5 {[%emt 0:02:32]} 36. bxc5 {[%emt 0:00:52]} bxc5 {[%emt 0:00:45]} 37. Qxc5 {[%emt 0:00:08]} Rd3 {[%emt 0:00:51]} 38. Ng5 {[%emt 0:01:18]} Nxg5 {[%emt 0:02:41]} 39. Qc4+ {[%emt 0:00:36]} Nf7 {[%emt 0:00:04]} 40. Qxd3 {[%emt 0:00:06]} g5 {[%emt 0:00:03]} 41. Qd4 {[%emt 0:30:36]} Rd6 {[%emt 0:30:57]} 42. Qg4 {[%emt 0:00:17]} Kf8 {[%emt 0:01:21]} 43. Qf5 {[%emt 0:00:17]} Kg7 {[%emt 0:00:13]} 44. f4 {[%emt 0:01:30]} gxf4 {[%emt 0:00:43]} 45. gxf4 {[%emt 0:00:05]} Rf6 {[%emt 0:00:00]} 46. Qe4 {[%emt 0:00:00]} Kg8 {[%emt 0:00:00]} 47. Kg3 {[%emt 0:00:00]} Kg7 {[%emt 0:00:00]} 48. Qd4 {[%emt 0:00:00]} Kg6 {[%emt 0:00:00]} 49. Kf3 {[%emt 0:00:00]} Rd6 {[%emt 0:00:00]} 50. Qb2 {[%emt 0:00:00]} Rd3+ {[%emt 0:00:00]} 51. Ke4 {[%emt 0:00:00]} Rd6 {[%emt 0:00:00]} 52. f5+ {[%emt 0:00:00]} Kh7 {[%emt 0:00:00]} 53. Kf4 {[%emt 0:00:00]} Rh6 {[%emt 0:00:00]} 54. f6 {[%emt 0:00:00]} Kg6 {[%emt 0:00:00]} 55. Kg4 {[%emt 0:00:00]} a5 {[%emt 0:00:00]} 56. Qb5 {[%emt 0:00:00]} Kxf6 {[%emt 0:00:00]} 57. Qxa5 {[%emt 0:00:00]} Ne5+ {[%emt 0:00:00]} 58. Kg3 {[%emt 0:00:00]} Rg6+ {[%emt 0:00:00]} 59. Kf2 {[%emt 0:00:00]} Ke6 {[%emt 0:00:00]} 60. Qb6+ {[%emt 0:00:00]} Kd7 {[%emt 0:02:12]} 61. Qb7+ {[%emt 0:00:00]} Kd6 {[%emt 0:00:11]} 62. a5 {[%emt 0:00:00]} Rf6+ {[%emt 0:00:37]} 63. Ke2 {[%emt 0:00:00]} Nc6 {[%emt 0:01:04]} 64. a6 {[%emt 0:00:00]} Re6+ {[%emt 0:00:12]} 65. Kd2 {[%emt 0:00:00]} Re7 {[%emt 0:00:19]} 66. Qb6 {[%emt 0:00:00]} Rc7 {[%emt 0:02:04]} 67. Kc3 {[%emt 0:00:00]} Kd7 {[%emt 0:00:13]} 68. Kd3 {[%emt 0:00:00]} Kc8 {[%emt 0:00:34]} 69. Ke4 {[%emt 0:00:00]} Re7+ {[%emt 0:01:01]} 70. Kd5 {[%emt 0:00:00]} Rd7+ {[%emt 0:00:18]} 71. Kc5 {[%emt 0:00:00]} Rc7 {[%emt 0:00:18]} 72. Qb2 {[%emt 0:00:00]} Na7+ {[%emt 0:02:11]} 73. Kb6 {[%emt 0:00:00]} Kb8 {[%emt 0:00:36]} 74. Qh2 {[%emt 0:00:00]} Nc8+ {[%emt 0:00:05]} 75. Ka5 {[%emt 0:00:00]} Na7 {[%emt 0:00:18]} 76. Qb2+ {[%emt 0:00:00]} Ka8 {[%emt 0:00:15]} 77. Qb6 {[%emt 0:00:00]} Rd7 {[%emt 0:01:15]} 78. Ka4 {[%emt 0:00:00]} Nc8 {[%emt 0:00:19]} 79. Qc6+ {[%emt 0:00:00]} Kb8 {[%emt 0:00:01]} 80. Qh1 {[%emt 0:00:00]} Ka7 {[%emt 0:02:05]} 81. Qh6 {[%emt 0:13:13]} Rd6 {[%emt 0:00:57]} 82. Qf8 {[%emt 0:01:09]} Rxa6+ {[%emt 0:00:16]} 83. Kb4 {[%emt 0:00:19]} Rb6+ {[%emt 0:00:04]} 84. Kc5 {[%emt 0:00:06]} Kb8 {[%emt 0:00:05]} 85. Qe8 {[%emt 0:01:12]} Kb7 {[%emt 0:00:07]} 1/2-1/2

[Event "11th LCC FIDE Open 2019"]
[Site "London"]
[Date "2019.12.05"]
[Round "8.5"]
[White "Maze, Sebastien"]
[Black "Flear, Glenn C"]
[Result "1-0"]
[WhiteElo "2541"]
[BlackElo "2463"]
[Annotator "RC"]
[PlyCount "99"]
[EventDate "2019.11.29"]
[EventType "swiss"]
[EventCountry "ENG"]
[SourceTitle "playchess.com"]
[Source "ChessBase"]
[SourceQuality "1"]
[TimeControl "40/5400+30:1800+30"]

1. e4 {[%emt 0:03:05]} e5 {[%emt 0:00:00]} 2. Nf3 {[%emt 0:00:03]} Nc6 {[%emt 0:00:00]} 3. Bb5 {[%emt 0:00:03]} a6 {[%emt 0:00:00]} 4. Ba4 {[%emt 0:00:03]} Nf6 {[%emt 0:00:12]} 5. Nc3 {[%emt 0:00:02]} b5 {[%emt 0:00:38]} 6. Bb3 {[%emt 0:00:04]} Be7 {[%emt 0:00:19]} 7. a4 {[%emt 0:00:11]} b4 {[%emt 0:03:32]} 8. Nd5 {[%emt 0:00:07]} Na5 {[%emt 0:06:30]} 9. Ba2 {[%emt 0:00:06]} Nxd5 {[%emt 0:02:12]} 10. Bxd5 {[%emt 0:00:06]} c6 {[%emt 0:00:47]} 11. Ba2 {[%emt 0:00:04]} d6 {[%emt 0:01:47]} 12. d4 {[%emt 0:00:03]} Qc7 {[%emt 0:03:31]} 13. Be3 {[%emt 0:16:14]} O-O {[%emt 0:04:37]} 14. dxe5 dxe5 {[%emt 0:00:08]} 15. Nd2 {[%emt 0:00:06]} Nb7 {[%emt 0:08:34]} 16. Qe2 {[%emt 0:07:16]} Bc5 {[%emt 0:03:02]} 17. Bc4 {[%emt 0:05:42]} a5 {[%emt 0:13:36]} 18. Nb3 {[%emt 0:02:32]} Bxe3 {[%emt 0:08:51]} 19. Qxe3 {[%emt 0:00:03]} Nd6 {[%emt 0:00:18]} 20. Be2 {[%emt 0:00:05]} f5 {[%emt 0:16:06]} 21. exf5 {[%emt 0:00:05]} Bxf5 {[%emt 0:00:51]} 22. O-O-O {[%emt 0:10:04]} Be6 {[%emt 0:05:00]} 23. Qxe5 {[%emt 0:04:51]} Bd5 {[%emt 0:03:14]} 24. Bf3 {[%emt 0:00:05]} Bxf3 {[%emt 0:05:21]} 25. gxf3 {[%emt 0:00:33]} Ne8 {[%emt 0:01:36]} 26. Qxc7 {[%emt 0:02:54]} Nxc7 {[%emt 0:00:20]} 27. Rd6 {[%emt 0:01:19]} Rxf3 {[%emt 0:01:20]} 28. Rxc6 {[%emt 0:00:05]} Nd5 {[%emt 0:00:22]} 29. Rd1 {[%emt 0:07:57]} Nf6 {[%emt 0:01:05]} 30. Rc5 {[%emt 0:01:17]} Rxf2 {[%emt 0:00:40]} 31. Rxa5 {[%emt 0:00:04]} Re8 {[%emt 0:00:53]} 32. h4 {[%emt 0:06:22]} Rh2 {[%emt 0:00:27]} 33. Rb5 {[%emt 0:00:11]} Rxh4 {[%emt 0:00:28]} 34. a5 {[%emt 0:00:03]} Ra8 {[%emt 0:01:26]} 35. Nc5 {[%emt 0:01:07]} h5 {[%emt 0:00:41]} 36. a6 {[%emt 0:07:37]} Rg4 {[%emt 0:01:12]} 37. Rb7 {[%emt 0:01:17]} Rc4 {[%emt 0:04:17]} 38. Ne6 {[%emt 0:01:00]} Rc6 {[%emt 0:00:45]} 39. Nc7 {[%emt 0:08:33]} Rxc7 {[%emt 0:00:15]} 40. Rxc7 {[%emt 0:00:04]} Rxa6 {[%emt 0:00:05]} 41. Rd4 {[%emt 0:30:16]} Kh7 {[%emt 0:30:39]} 42. c4 {[%emt 0:13:20]} bxc3 {[%emt 0:03:05]} 43. b4 {[%emt 0:00:04]} Rb6 {[%emt 0:00:00]} 44. Rc5 {[%emt 0:00:00]} g6 {[%emt 0:00:00]} 45. b5 {[%emt 0:00:00]} Ng4 {[%emt 0:00:00]} 46. Rb4 {[%emt 0:00:00]} Kh6 {[%emt 0:00:00]} 47. Rc6 {[%emt 0:00:00]} Rb7 {[%emt 0:00:00]} 48. b6 {[%emt 0:00:00]} Ne5 {[%emt 0:00:00]} 49. Rxc3 {[%emt 0:00:00]} Nd7 {[%emt 0:00:00]} 50. Rc6 {[%emt 0:08:08]} 1-0

[Event "11th LCC FIDE Open 2019"]
[Site "London"]
[Date "2019.12.05"]
[Round "8.6"]
[White "Moussard, Jules"]
[Black "McDonald, Neil"]
[Result "1-0"]
[WhiteElo "2600"]
[BlackElo "2412"]
[Annotator "TA"]
[PlyCount "101"]
[EventDate "2019.11.29"]
[EventType "swiss"]
[EventCountry "ENG"]
[SourceTitle "playchess.com"]
[Source "ChessBase"]
[SourceQuality "1"]

{[%evp 12,101,-4,0,9,18,16,18,21,18,31,20,26,22,25,20,24,20,20,20,21,19,26,31,28,32,31,31,40,14,36,7,28,22,30,32,68,68,65,67,61,2,16,20,35,35,53,56,75,51,44,45,100,92,137,141,144,142,147,140,144,144,139,132,227,131,140,0,220,213,262,244,322,302,514,511,504,504,504,490,627,453,662,643,2544,1831,29980,29981,29981,29982,29987,29987]} 1. e4 e6 2. d4 d5 3. Nc3 Nf6 4. e5 Nfd7 5. Nce2 c5 6. c3 Nc6 7. Nf3 Qa5 {C11: French: Classical System: 4 e5 and 4 Bg5 dxe4} 8. Bf4 Qb6 9. Rb1 f6 $146 {The position is equal.} ({Predecessor:} 9... Be7 10. dxc5 Nxc5 11. Ned4 O-O 12. Bd3 f6 13. O-O Nxd4 14. Nxd4 {½-½ (14) Milov,L (2426)-Bacrot,E (2696) Karlsruhe 2017}) 10. exf6 Nxf6 11. g3 cxd4 12. Nexd4 Nxd4 13. Nxd4 Bd6 {[#] And now ...e5 would win.} 14. Bxd6 Qxd6 15. Bb5+ Kf7 16. f4 e5 17. fxe5 Qxe5+ 18. Qe2 Qxe2+ 19. Bxe2 Bh3 20. Bf3 g5 21. Rg1 h5 22. Kd2 Rae8 23. Rbe1 Rxe1 24. Rxe1 h4 25. Re5 Kg6 26. Ke1 (26. Bxd5 $14 Nxd5 27. Rxd5) 26... hxg3 $11 27. hxg3 Bg4 28. Bxg4 Nxg4 29. Rxd5 $14 {[%mdl 4096] Endgame KRN-KRN} Rh1+ 30. Kd2 Rh2+ 31. Ne2 Nf6 (31... Rh7 $14) 32. Re5 Kf7 33. b4 g4 34. Ke3 Rh1 35. a4 {[%cal Ba2a4,Ba4a5][%mdl 32]} Re1 36. Rb5 b6 37. a5 Rd1 (37... Nd7 $16 {was called for.} 38. Rg5 Nf6) 38. Nd4 ({Much less strong is} 38. axb6 axb6 39. Nf4 Re1+ 40. Kd4 Nd7) ({Better is} 38. c4 $18) 38... Rc1 39. Ne2 ({Don't play} 39. axb6 Rxc3+ 40. Kf4 axb6 $14) (39. Kd3 $16) 39... Rd1 $1 $18 40. c4 Rd6 41. Nf4 bxa5 42. Rxa5 Rd7 $2 {[#]} (42... a6 43. c5 Rc6) 43. Rf5 Kg7 44. Nh5+ Nxh5 45. Rxh5 {KR-KR} Kg6 46. Rd5 Rf7 (46... Rb7 $142 47. b5 Kf6) 47. c5 Rf3+ 48. Kd4 Rb3 49. c6 {White mates.} Rxb4+ 50. Kc5 Rb3 51. c7 {Accuracy: White = 70%, Black = 43%.} 1-0

[Event "11th LCC FIDE Open 2019"]
[Site "London"]
[Date "2019.12.05"]
[Round "8.7"]
[White "Grover, Sahaj"]
[Black "Wu, Li"]
[Result "1-0"]
[WhiteElo "2508"]
[BlackElo "2293"]
[Annotator "ChessBase"]
[PlyCount "55"]
[EventDate "2019.11.29"]
[EventType "swiss"]
[EventCountry "ENG"]
[SourceTitle "playchess.com"]
[Source "ChessBase"]
[SourceQuality "1"]
[TimeControl "40/5400+30:1800+30"]

1. d4 {[%emt 0:00:00]} Nf6 {[%emt 0:00:00]} 2. c4 {[%emt 0:00:00]} e6 {[%emt 0:01:31]} 3. Nc3 {[%emt 0:00:00]} d5 {[%emt 0:00:44]} 4. cxd5 {[%emt 0:00:01]} Nxd5 {[%emt 0:00:57]} 5. Nf3 {[%emt 0:00:35]} c5 {[%emt 0:00:11]} 6. e3 {[%emt 0:00:16]} cxd4 {[%emt 0:01:53]} 7. exd4 {[%emt 0:00:07]} Nxc3 {[%emt 0:00:44]} 8. bxc3 {[%emt 0:00:06]} Qc7 {[%emt 0:00:18]} 9. Bd2 {[%emt 0:00:32]} Nd7 {[%emt 0:02:19]} 10. Bd3 {[%emt 0:01:41]} Bd6 {[%emt 0:10:36]} 11. O-O {[%emt 0:03:45]} h6 {[%emt 0:02:34]} 12. Re1 {[%emt 0:05:57]} b6 {[%emt 0:08:38]} 13. d5 {[%emt 0:23:01]} e5 {[%emt 0:19:07]} 14. Nd4 {[%emt 0:01:33]} Nc5 {[%emt 0:05:31]} 15. Nb5 {[%emt 0:00:22]} Qb8 {[%emt 0:01:06]} 16. Bc2 {[%emt 0:13:20]} O-O {[%emt 0:15:23]} 17. Qh5 {[%emt 0:00:08]} e4 {[%emt 0:00:04]} 18. Bxe4 {[%emt 0:00:48]} Bf4 {[%emt 0:02:55]} 19. Bxf4 {[%emt 0:05:22]} Qxf4 {[%emt 0:00:04]} 20. Qf3 {[%emt 0:00:07]} Qxf3 {[%emt 0:06:48]} 21. Bxf3 {[%emt 0:00:27]} Ba6 {[%emt 0:02:06]} 22. Nc7 {[%emt 0:00:48]} Rac8 {[%emt 0:01:38]} 23. Nxa6 {[%emt 0:03:12]} Nxa6 {[%emt 0:00:04]} 24. Re7 {[%emt 0:00:05]} Rc7 {[%emt 0:03:47]} 25. Rae1 {[%emt 0:00:46]} Rd8 {[%emt 0:01:40]} 26. h4 {[%emt 0:00:51]} Kf8 {[%emt 0:00:36]} 27. d6 {[%emt 0:00:14]} Rxc3 {[%emt 0:01:10]} 28. Bd5 {[%emt 0:00:06]} 1-0

[Event "11th LCC FIDE Open 2019"]
[Site "London"]
[Date "2019.12.05"]
[Round "8.8"]
[White "Petrov, Martin"]
[Black "Royal, Shreyas"]
[Result "1-0"]
[WhiteElo "2497"]
[BlackElo "1941"]
[Annotator "ChessBase"]
[PlyCount "67"]
[EventDate "2019.11.29"]
[EventType "swiss"]
[EventCountry "ENG"]
[SourceTitle "playchess.com"]
[Source "ChessBase"]
[SourceQuality "1"]
[TimeControl "40/5400+30:1800+30"]

1. e4 {[%emt 0:00:00]} e5 {[%emt 0:00:18]} 2. Nf3 {[%emt 0:00:00]} Nc6 {[%emt 0:00:40]} 3. Bc4 {[%emt 0:00:00]} Bc5 {[%emt 0:00:50]} 4. O-O {[%emt 0:00:06]} Nf6 {[%emt 0:00:48]} 5. d3 {[%emt 0:00:06]} O-O {[%emt 0:01:20]} 6. Re1 {[%emt 0:00:02]} Ng4 {[%emt 0:07:23]} 7. Re2 {[%emt 0:04:03]} Kh8 {[%emt 0:02:37]} 8. h3 {[%emt 0:13:55]} f5 9. exf5 {[%emt 0:11:42]} d5 {[%emt 0:08:33]} 10. hxg4 {[%emt 0:00:00]} dxc4 {[%emt 0:00:31]} 11. Nc3 {[%emt 0:00:00]} h5 {[%emt 0:14:13]} 12. Bg5 {[%emt 0:01:02]} Be7 {[%emt 0:03:52]} 13. Bxe7 {[%emt 0:00:44]} Qxe7 {[%emt 0:00:06]} 14. d4 {[%emt 0:17:22]} hxg4 {[%emt 0:06:09]} 15. Nxe5 {[%emt 0:00:03]} Nxe5 {[%emt 0:00:45]} 16. Rxe5 {[%emt 0:00:03]} Qh4 {[%emt 0:04:54]} 17. g3 {[%emt 0:01:46]} Qh3 {[%emt 0:02:21]} 18. f6 {[%emt 0:07:55]} Rxf6 {[%emt 0:10:47]} 19. Re8+ {[%emt 0:00:05]} Kh7 {[%emt 0:00:04]} 20. Qf1 {[%emt 0:11:03]} Qxf1+ {[%emt 0:00:41]} 21. Kxf1 {[%emt 0:01:30]} b6 {[%emt 0:01:59]} 22. Rae1 {[%emt 0:02:56]} Bb7 {[%emt 0:00:54]} 23. Rxa8 {[%emt 0:09:37]} Bxa8 {[%emt 0:00:04]} 24. Re7 {[%emt 0:01:07]} Bf3 {[%emt 0:01:31]} 25. Rxc7 {[%emt 0:01:01]} Rh6 {[%emt 0:00:02]} 26. Ke1 {[%emt 0:01:15]} Rh1+ {[%emt 0:00:09]} 27. Kd2 {[%emt 0:00:03]} Rf1 {[%emt 0:00:13]} 28. d5 {[%emt 0:00:31]} Rxf2+ {[%emt 0:00:36]} 29. Ke3 {[%emt 0:00:22]} Rf1 {[%emt 0:02:54]} 30. d6 {[%emt 0:00:07]} Re1+ {[%emt 0:00:03]} 31. Kd4 {[%emt 0:00:35]} Re8 {[%emt 0:01:43]} 32. d7 {[%emt 0:00:22]} Rd8 {[%emt 0:00:01]} 33. Ke5 {[%emt 0:00:46]} Kg8 {[%emt 0:00:29]} 34. Rc8 {[%emt 0:00:10]} 1-0

[Event "11th LCC FIDE Open 2019"]
[Site "London"]
[Date "2019.12.05"]
[Round "8.9"]
[White "Percivaldi, Martin"]
[Black "Pert, Richard G"]
[Result "1-0"]
[WhiteElo "2384"]
[BlackElo "2436"]
[Annotator "TA"]
[PlyCount "129"]
[EventDate "2019.11.29"]
[EventType "swiss"]
[EventCountry "ENG"]
[SourceTitle "playchess.com"]
[Source "ChessBase"]
[SourceQuality "1"]

{[%evp 21,129,30,31,31,39,0,0,1,8,0,0,0,0,-6,-8,-67,-54,-77,2,0,0,0,0,0,25,39,50,20,22,40,59,27,27,22,146,146,146,138,162,154,161,170,194,167,255,120,158,159,159,153,149,131,313,283,449,406,457,453,865,757,818,811,1238,1047,1477,1008,1658,1584,29974,29975,29974,29976,29976,29977,29977,29978,29978,29979,29979,29980,29982,29983,29983,29984,29984,29985,29985,29986,29986,29987,29987,29988,29988,29989,29989,29990,29990,29990,29990,29991,29994,29995,29995,29996,29996,29997,29997,29997,29997,29998]} 1. Nf3 d5 2. g3 g6 3. Bg2 Bg7 4. d4 Nf6 5. O-O O-O 6. c4 dxc4 7. Na3 Nc6 8. Nxc4 Be6 9. b3 a5 10. a4 Bd5 11. Bb2 Qc8 12. e3 {D77: Fianchetto Grünfeld: 6 0-0: Replies other than 6...c6} b6 $146 ({Predecessor:} 12... Rd8 13. Qe2 b6 14. Rfd1 Qb7 15. Ne1 Bxg2 16. Nxg2 Nb4 17. Nf4 e6 {½-½ (47) Georgiev,K (2623)-Nepomniachtchi,I (2729) Riadh 2017}) 13. Nfe5 Bxg2 14. Kxg2 {The position is equal.} Nxe5 15. Nxe5 Qb7+ 16. Qf3 Ne4 17. Rac1 c5 18. Rfd1 (18. Nc4 $11) 18... f5 $1 $15 19. Nc4 Rad8 ({Better is} 19... g5 $1 $17 {[%cal Rg5g4] aiming for ...g4.} 20. Kg1 g4) 20. dxc5 {Black must now prevent Bxg7.} Rxd1 21. Rxd1 {Bxg7 is the strong threat.} Bxb2 22. Nxb2 bxc5 23. Rd3 g5 24. Kg1 g4 25. Qf4 e6 26. Nc4 Qg7 27. Qe5 Ng5 (27... Qxe5 $11 28. Nxe5 Ra8) 28. Qxg7+ $16 Kxg7 29. Nxa5 {[%mdl 4096] Endgame KRN-KRN} Nf3+ 30. Kf1 Nxh2+ {[#]} 31. Ke2 $1 Nf3 32. Nc4 Kf6 {[#]} (32... Ra8 $142 33. Rd7+ Kf6) 33. a5 (33. Nb6 $1 $18 {[%cal Rb6d7] is the precise move to win.} Ne5 34. Rc3) 33... Ra8 {Threatening ...Ne5.} 34. Rd6 Ne5 35. a6 Ke7 36. Rb6 Nd7 $2 (36... Kf6 $16 37. Kd2 Nxc4+ 38. bxc4 h6) 37. Rc6 $18 Ra7 (37... h5 $142 38. Nb6 Nxb6 39. Rxb6 Kf6) 38. Nb6 {And now Nc8+ would win.} Nxb6 39. Rxb6 {Hoping for Rb7+. KR-KR} Kf6 (39... Ra8 $142 40. Kd3 Kd7) 40. Kd3 Ke5 41. Kc4 Rd7 42. Kxc5 h5 43. Rb7 Rd2 44. Rb4 Rxf2 45. a7 {White mates.} Rc2+ 46. Rc4 Ra2 47. Ra4 Rc2+ 48. Kb4 Rc8 49. a8=Q Rxa8 50. Rxa8 {KR-KP} Ke4 51. Kc4 Kxe3 52. b4 h4 53. b5 hxg3 54. b6 g2 55. Ra1 Kf2 56. b7 g1=Q 57. Rxg1 Kxg1 58. b8=Q Kf2 59. Qf4+ Kg2 60. Kd4 g3 61. Ke3 e5 62. Qxe5 f4+ 63. Qxf4 Kh1 64. Kf3 g2 65. Qh4+ {Accuracy: White = 61%, Black = 39%.} 1-0

[Event "11th LCC FIDE Open 2019"]
[Site "London"]
[Date "2019.12.05"]
[Round "8.10"]
[White "Cherniaev, Alexander"]
[Black "Cumming, Rhys"]
[Result "1-0"]
[WhiteElo "2428"]
[BlackElo "2284"]
[Annotator "TA"]
[PlyCount "79"]
[EventDate "2019.11.29"]
[EventType "swiss"]
[EventCountry "ENG"]
[SourceTitle "playchess.com"]
[Source "ChessBase"]
[SourceQuality "1"]

{[%evp 12,79,-6,-14,0,-18,-14,-6,-7,-16,0,0,0,0,64,0,97,90,94,91,151,147,138,139,142,127,138,118,194,187,166,178,459,475,472,472,464,271,264,169,162,165,166,156,550,160,275,263,273,256,249,97,156,156,154,158,156,147,156,151,288,296,288,291,481,476,466,460,426,411]} 1. g3 e5 2. Bg2 d5 3. d3 Nf6 4. Nf3 Bd6 5. O-O O-O 6. Nbd2 c6 7. e4 Bc7 {B10: Caro-Kann: 2 d3 and 2 c4} (7... Re8 8. Re1 Nbd7 9. c3 h6 10. Qc2 Nf8 11. b3 Ng6 12. Bb2 Bg4 13. h3 Be6 14. Rad1 Qc7 15. Nf1 Rad8 16. Ne3 Qc8 17. Kh2 {0-1 (39) Mamedyarov,S (2799)-Grischuk,A (2772) Huaian 2017}) 8. b3 $146 ({Predecessor:} 8. Re1 dxe4 9. dxe4 Qe7 10. a4 Rd8 11. Qe2 Nbd7 12. Nh4 Nf8 13. Nc4 Ne6 14. Nf5 Qe8 15. c3 {1-0 (30) Gazik,V (2414)-Blohberger,F (2271) Bojnice 2016}) 8... Re8 9. Bb2 a5 {The position is equal.} 10. a3 Nbd7 11. exd5 cxd5 12. c4 Nf8 ({Better is} 12... d4 $11) 13. Re1 (13. cxd5 $14 Nxd5 14. Re1) 13... Ng6 (13... d4 $1 $11 {keeps the balance.}) 14. cxd5 $16 Nxd5 15. d4 {[%cal Rf3e5]} exd4 ({Black should play} 15... Bg4) 16. Rxe8+ (16. Bxd4 $6 Bf5 $14) 16... Qxe8 17. Nxd4 Nf6 18. Qc2 Bd6 19. Nc4 $36 {[%mdl 2048] Black is under strong pressure.} Bf8 (19... Bc5 $16 {was called for.} 20. Qd2 Qd8) 20. Nb6 $18 Rb8 21. Qc3 Qe5 $2 (21... Bd7 22. Nxd7 (22. Qxa5 Bc6 $16) 22... Qxd7 23. Qxa5 b6) 22. Nxc8 Bc5 23. Bh3 Ne4 24. Qd3 (24. Qe3 $142) 24... Ng5 25. Bf5 {aiming for Rd1.} Bxd4 26. Bxd4 Qxd4 {[#]} 27. Rd1 $1 ({Don't take} 27. Qxd4 $6 Nf3+ 28. Kg2 Nxd4 $14) ({Not} 27. Ne7+ $2 Nxe7 28. Bxh7+ (28. Qxd4 $2 Nf3+ {[%mdl 64] Double Attack} 29. Kg2 Nxd4 $19) 28... Kf8 $19) 27... Qe5 $2 (27... Qxd3 $16 28. Rxd3 h6) 28. Qd6 $2 (28. Qd8+ $18 {has better winning chances.} Nf8 29. Qxg5) 28... Nf8 (28... Qxd6 $16 29. Rxd6 h6) 29. Qxe5 ({Don't do} 29. Ne7+ $6 Kh8 $16) 29... Nf3+ 30. Kg2 Nxe5 31. Ne7+ Kh8 32. Rd5 Nc6 33. Nxc6 bxc6 34. Rxa5 Rxb3 $16 {[%mdl 4096] Endgame KRB-KRN} 35. Be4 Rb6 {[#]} (35... Rc3 $16 {was necessary.} 36. Ra8 Kg8) 36. Ra8 $1 $18 {[%cal Ra8f8][%mdl 512]} Kg8 37. a4 {[%cal Ba3a4,Ba4a5,Ba5a6][%mdl 32]} c5 $2 (37... g5 38. a5 Rb5 39. Bxc6 Rc5) 38. a5 {White is clearly winning.} Rb4 39. Bc6 c4 40. a6 {Accuracy: White = 82%, Black = 35%.} 1-0

[Event "11th LCC FIDE Open 2019"]
[Site "London"]
[Date "2019.12.05"]
[Round "8.11"]
[White "Sowray, Peter J"]
[Black "Merry, Alan B"]
[Result "0-1"]
[WhiteElo "2316"]
[BlackElo "2426"]
[Annotator "NA RC"]
[PlyCount "70"]
[EventDate "2019.11.29"]
[EventType "swiss"]
[EventCountry "ENG"]
[SourceTitle "playchess.com"]
[Source "ChessBase"]
[SourceQuality "1"]
[TimeControl "40/5400+30:1800+30"]

1. d4 {[%emt 0:00:00]} Nf6 {[%emt 0:00:00]} 2. c4 {[%emt 0:00:00]} e6 {[%emt 0:00:00]} 3. Nc3 {[%emt 0:00:05]} Bb4 {[%emt 0:00:00]} 4. e3 {[%emt 0:00:30]} O-O {[%emt 0:00:00]} 5. Nge2 {[%emt 0:00:07]} Re8 {[%emt 0:00:00]} 6. a3 {[%emt 0:01:55]} Bf8 {[%emt 0:00:00]} 7. Ng3 {[%emt 0:00:05]} d5 {[%emt 0:00:05]} 8. Be2 {[%emt 0:03:32]} b6 {[%emt 0:00:05]} 9. O-O {[%emt 0:01:14]} Bb7 {[%emt 0:00:02]} 10. b4 {[%emt 0:04:43]} c6 {[%emt 0:00:53]} 11. Bb2 {[%emt 0:03:51]} Nbd7 {[%emt 0:01:03]} 12. Qb3 {[%emt 0:08:07]} a5 {[%emt 0:05:41]} 13. e4 {[%emt 0:12:55]} Nxe4 {[%emt 0:14:45]} 14. Ncxe4 {[%emt 0:02:02]} dxe4 {[%emt 0:00:11]} 15. bxa5 {[%emt 0:00:50]} Rxa5 {[%emt 0:02:03]} 16. Nxe4 {[%emt 0:01:03]} c5 {[%emt 0:06:32]} 17. Qe3 {[%emt 0:05:17]} Qa8 {[%emt 0:06:55]} 18. Bf3 {[%emt 0:00:46]} cxd4 {[%emt 0:10:19]} 19. Bxd4 {[%emt 0:08:38]} Ne5 {[%emt 0:07:49]} 20. Bxb6 {[%emt 0:06:55]} Nxc4 {[%emt 0:11:17]} 21. Qd4 {[%emt 0:01:18]} Ra4 {[%emt 0:07:26]} 22. Nc3 {[%emt 0:07:43]} Bxf3 {[%emt 0:06:22]} 23. Nxa4 {[%emt 0:01:54]} Bd5 {[%emt 0:05:07]} 24. Nc3 {[%emt 0:16:25]} Nxb6 {[%emt 0:00:06]} 25. Qxb6 {[%emt 0:00:03]} Bxg2 {[%emt 0:00:09]} 26. Rfb1 {[%emt 0:02:22]} Bh1 {[%emt 0:01:50]} 27. Kf1 {[%emt 0:02:01]} h5 {[%emt 0:07:21]} 28. Qe3 {[%emt 0:01:45]} Rd8 {[%emt 0:00:55]} 29. Ke2 {[%emt 0:01:27]} Bf3+ {[%emt 0:02:31]} 30. Kf1 {[%emt 0:01:00]} Qa6+ {[%emt 0:03:17]} 31. Nb5 {[%emt 0:00:51]} Qc6 {[%emt 0:01:00]} 32. Rb3 {[%emt 0:03:14]} Bd1 {[%emt 0:01:00]} 33. Kg1 {[%emt 0:01:50]} Bxb3 {[%emt 0:00:34]} 34. Nd4 {[%emt 0:01:03]} Qc4 {[%emt 0:00:54]} 35. Nxb3 {[%emt 0:00:14]} Rd3 {[%emt 0:00:05]} 0-1